| 000 | 00513nam a22001937a 4500 | ||
|---|---|---|---|
| 003 | MPLRDC | ||
| 005 | 20220104202204.0 | ||
| 008 | 210129b ||||| |||| 00| 0 eng d | ||
| 020 | _a3203.082 | ||
| 082 | _a719 HQ | ||
| 100 | _a《环球编辑部》编 | ||
| 245 |
_a寻芳觅踪 _c |
||
| 250 | _a初版一刷 | ||
| 260 |
_a中国 _b新华出版社 _c1985 |
||
| 300 | _b平 | ||
| 520 | _a上架 2017-10-13。 2017-04-26 少许破损--pg.封面左上角。 | ||
| 650 | _a世界游记 | ||
| 942 |
_cBK _o719 HQ |
||
| 999 |
_c67528 _d67518 |
||